| 000 | | | 03790nmc2a22002413x 450 |
| 001 | | | 8745cf18-be28-426f-b911-31c1bc7e9d7a |
| 005 | | | 20240130170857.0 |
| 100 | ## | $a | 20231011l17571759k l0rusy0189 ca |
| 101 | 0# | $a | rus |
| 102 | ## | $a | RU |
| 105 | ## | $a | y### |
| 122 | 2# | $a | d |
| 200 | 1# | $a | Дело по данным ведомства Канцелярии от строений от разных чинов прошений и от команд той же Канцелярии о служителях с аттестатами списки о награждении чинами и прибавкой жалованья |
| | $j | 20 января 1757 г. - 14 января 1759 г. |
| 215 | ## | $a | 252 л. |
| | $d | 36,5х26 см |
| 251 | ## | $c | Дело |
| 300 | ## | $a | Дело |
| 371 | ## | $a | Документ не является опубликованным и широко распространяемым |
| 461 | #0 | $1 | 001625a9a7e-a890-4307-a7fe-826a2289a412 |
| | $1 | 2001 |
| | $a | Гоф-интендантская контора МИДв |
| | $1 | 251 |
| | $c | Фонд |
| | $1 | 852 |
| | $j | 470 |
| 462 | #0 | $1 | 0017fcd2e59-9b3b-475d-81ee-48da63e0f6c7 |
| | $1 | 2001 |
| | $a | О награждении деньгами и вещами; формулярные списки чиновников, служащих и мастеровых |
| | $1 | 251 |
| | $c | Опись |
| | $1 | 852 |
| | $j | 4 |
| | $l | 90-524 |
| 801 | #0 | $a | RU |
| | $b | РГИА |
| | $c | 20231011 |
| | $g | RCR |
| 801 | #1 | $a | RU |
| | $b | ГлавНИВЦ |
| | $c | 20231011 |
| | $2 | rusmarc |
| 801 | #2 | $a | RU |
| | $b | ПБ им. Б.Н. Ельцина |
| | $c | 20240130 |
| | $g | RCR |
| | $2 | rusmarc |
| 850 | ## | $a | РГИА |
| 852 | ## | $a | РГИА |
| | $e | Федеральное казенное учреждение "Российский государственный исторический архив" (РГИА) |
| | $j | 9 |
| 937 | ## | $h | РГИА |
| | $d | 12405388 |
| | $a | ASBIBLIO_SCAN |
| 035 | ## | $a | RusGRCC00066765 |
| 856 | ## | $u | http://readingroom.main.prlib.ru/item.aspx?id_node=n190721964&mode=full |